| 000 | 00633nam a22002057a 4500 | ||
|---|---|---|---|
| 005 | 20251108175516.0 | ||
| 008 | 250721s2014 xx 000 0 eng d | ||
| 082 | 1 | 4 | _aJ/F/SAI |
| 100 | 1 | _asaid, tarek | |
| 245 | 1 | 4 | _aThe Clever Rooster and the Artful Fox / |
| 246 | 1 | 1 | _aالديك الذكي و الثعلب المكار |
| 264 | 1 |
_aالقاهرة : _bدار الكتب المصرية, _c2014. |
|
| 300 | _a12 P. | ||
| 490 | 0 | _aسلسلة أحلى الحكايات | |
| 650 | 1 | 7 | _aFICTION |
| 650 | 1 | 7 | _aCHILDREN |
| 653 | _aأطفال مرحلة متوسطة ( 6 - 9 سنوات ) | ||
| 942 |
_2ddc _cBK |
||
| 999 |
_c135782 _d135782 |
||